| 000 | 00440nam a2200181Ia 4500 | ||
|---|---|---|---|
| 001 | 14763 | ||
| 005 | 20260306164938.0 | ||
| 008 | 260306t2001||||xx |||||||||||||| ||spa|| | ||
| 041 | _aESP | ||
| 082 |
_a519.2 _bL66 2001 |
||
| 100 |
_aLipschutz, Seymour _eAUT |
||
| 245 | 0 | _aTeoría y problemas de probabilidad | |
| 260 | _c2001 | ||
| 300 |
_avi, 324 páginas : _c27 cm. |
||
| 650 | _aGEN | ||
| 654 | _aCMA | ||
| 942 |
_cLIB _dJUS _fJUS _2ddc _n |
||
| 999 |
_c14763 _d14763 |
||